000 00502nam a2200181Ia 4500
005 20250326125108.0
008 250326s9999 xx 000 0 und d
037 _aTextbook
040 _aFMSL
_beng
_cFMSL
041 _aeng
_2eng
084 _aX:9 K9
_qFMSL
100 _aMcfarland D E
_9248066
245 0 _aPersonnel management: theory and practice
_cMcfarland D E
260 _aLondon
_bLondon, Macmillan
_c1969
300 _a694p
942 _cTB
_hX:9 K9
999 _c1276523
_d1276523